Príprava jednotného elektronického formulára pre štatistické zisťovanie v rezorte kultúry

Bibliographic Details
Other Authors: Rišian, Emil, 1968- (Compiler), Poláková, Ivana, 1969- (Compiler)
Format: Article
Language:Slovak
PhysicalDescription:Tab.
ISSN:1335-7026
Subjects:
Online Access:http://www.snk.sk/images/snk/casopis_kniznica/2005/januar/25.pdf

MARC

LEADER 00000nab a2200000 a 4500
001 vtls001519174
003 SK-MaSNL
005 20260304140118.0
008 250505c2005 xo mr|p|||||||000 b|slo
015 |a SNBRB2005/03  |2 snkbucl 
035 |a (uuid)d95de608-725b-4c5c-aff0-1ddc6c8f35ed 
035 |a urn:nbn:sk:snk-abbym8 
035 |a (urnnbn)urn:nbn:sk:snk:ar-000o4u 
038 |a SNKBUCL 
040 |a SNKBUCL  |b slo  |c SNKBUCL  |e AACR2 
041 0 |a slo 
044 |a xo  |c SK 
080 |a 31  |2 1997 
080 |a 02  |x (437.6)  |2 1997 
100 1 |a Rišian, Emil,  |d 1968-  |4 com  |9 105937 
245 1 0 |a Príprava jednotného elektronického formulára pre štatistické zisťovanie v rezorte kultúry  |c Emil Rišian, Ivana Poláková 
300 |b Tab. 
650 0 7 |a knižničná štatistika  |2 snkbucl  |9 1076168 
650 0 7 |a elektronické formuláre  |2 snkbucl  |9 1456168 
700 1 |a Poláková, Ivana,  |d 1969-  |4 com  |9 213111 
773 0 |t Knižnica  |g Roč. 6, č. 1 (2005), s. 25-28  |x 1335-7026 
850 |a Slovenská národná knižnica 
852 |a Slovenská národná knižnica 
856 4 1 |u http://www.snk.sk/images/snk/casopis_kniznica/2005/januar/25.pdf 
954 |a odborná, vedecká literatúra pôvodná (slovenská)  |2 lita 
958 |a article15 
958 |a OND 
958 |a EUIPO 
999 |c 2913697  |d 2915627